| 000 | 01276naa a22003137a 4500 | ||
|---|---|---|---|
| 001 | BR9000207 | ||
| 003 | BR-BrBNA | ||
| 005 | 20240918180557.0 | ||
| 007 | ta | ||
| 008 | 230509b bl.||||| |||| 00| 0 por d | ||
| 040 |
_aBR-BrBNA _bpor _cBiblioteca Nacional de Agricultura |
||
| 041 | _a(Pt) | ||
| 072 |
_aE16; L10 _b5240 _b9703 |
||
| 090 | _aE16 BR9000207 | ||
| 100 | 1 | _aCardellino, R.A. | |
| 111 | 1 |
_a1. Simposio Paulista de Ovinocultura _cBotucatu, SP (Brazil) _d24-28 Oct 1988 |
|
| 245 | 1 | _aSistemas de producao de carne ovina utilizando cruzamentos | |
| 246 | 1 | _a[Production systems of sheep meat using crossbreeding] | |
| 246 | 1 | _a[1st Paulista Symposium of Sheep Raising. Annals] | |
| 260 | 3 |
_aCampinas, SP (Brasil): _c1989. |
|
| 500 | _aSiqueira, E.R. de; Goncalves, H.C. (eds.) 1. Simposio Paulista de Ovinocultura. Anais Campinas, SP (Brasil): 1989. p. 97-104 (BR9000207-AM)E16 | ||
| 650 | _aOVINO | ||
| 650 | _aCARNE | ||
| 650 | _aSISTEMA DE PRODUCAO | ||
| 650 | _aCRUZAMENTO ANIMAL | ||
| 773 | 0 |
_t1. Simposio Paulista de Ovinocultura. Anais _aSiqueira, E.R. de; Goncalves, H.C. (eds.). Fundacao Cargill, Campinas, SP (Brasil) _wE16 BR9000207 _gCampinas, SP (Brasil), 1989. p. 97-104 |
|
| 909 |
_a202404 _bLucia _c55 _dLucia Elande |
||
| 942 |
_cAM _2AGRIS |
||
| 999 |
_c321162 _d321162 |
||